Rekord-Spieler der Fußball-Bundesliga - Statistiken

Allgemein
  • Dieses Quiz wurde 1.282 mal gespielt
  • Das Durchschnittsergebnis liegt bei 3 aus 10
Antwortstatistiken
Platz Zeitraum Spieler Verein Spiele % Korrekt
3. 1987–2008 Oliver Kahn FC Bayern München 557
80%
1. 1972-1991 Karl-Heinz Körbel Eintracht Frankfurt 602
62%
6. 1968–1988 Klaus Fischer FC Schalke 04 535
49%
2. 1971–1991 Manfred Kaltz Hamburger SV 581
42%
4. 1965–1988 Klaus Fichtel FC Schalke 04 552
29%
5. 1976–1996 Miroslav Votava Werder Bremen 546
22%
10. 1978–1997 Uli Stein Hamburger SV 512
14%
7. 1978–1995 Eike Immel VfB Stuttgart 534
13%
8. 1966–1983 Willi Neuberger Eintracht Frankfurt 520
7%
9. 1972–1988 Michael Lameck VfB Stuttgart 518
6%
Keine übereinstimmenden Quizze gefunden
Verteilung der Resultate
Anzahl Personen mit jedem Resultat
Perzentil nach korrekt beantworteten Fragen
Ihre Resultats-Entwicklung
Sie haben dieses Quiz noch nicht gespielt